| 000 | 04614cam a22004694i 4500 | ||
|---|---|---|---|
| 003 | PE-LiUPU | ||
| 005 | 20250731165423.0 | ||
| 008 | 160114s2011 pe a grm 000 0 spa d | ||
| 035 | _a(Sirsi) a155754 | ||
| 040 |
_aPE-LiUPU _bspa _cPE-LiUPU _erda |
||
| 082 | 0 | 4 |
_a658.45 _bQ73 T3 |
| 099 |
_aTA 3 _bQ73 2011 |
||
| 100 | 1 |
_aQuispe Gonzales, Juan Félix _eautor |
|
| 245 | 1 | 3 |
_aLa valoración del personal sobre la comunicación interna en la Universidad Peruana Unión, Filial Juliaca / _cJuan Félix Quispe Gonzales. |
| 264 | 0 | _c2011. | |
| 300 |
_a78 hojas : _bilustraciones; _c30 cm |
||
| 336 |
_atext _2rdacontent |
||
| 337 |
_aunmediated _2rdamedia |
||
| 338 |
_avolume _2rdacarrier |
||
| 502 |
_aTesis _b(Mg.) -- _cUniversidad Peruana Unión, _d2011. |
||
| 504 | _aIncluye referencias | ||
| 520 | 3 | _aEl presente trabajo de investigación se titula: "La valoración el personal sobre la comunicación interna en la Universidad Peruana Unión, filial Juliaca". La comunicación es la transmisión de información de una persona a otra o de una organización a otra. Más aun, la comunicación interna es el proceso mediante el cual la información es intercambiada, comprendida y compartida por dos o más personas haciendo dinámica las acciones en el seno de la institución. La comunicación interna actúa como un lubricante, juega un papel importante en toda empresa, una buena comunicación puede significar eficiencia, coordinación y organización, mientras que una mala comunicación interna puede dar origen a retrasos, malentendidos y conflictos internos. El presente proyecto de tesis, surge debido al problema que existe en el mercado global, en el que sobresale la competitividad y, por ende, la gran necesidad de administrar adecuadamente las informaciones comenzando desde el interior de la organización. Debido a esto, planteamos la idea de que a partir de los resultados de la tesis, se pueden diseñar e implementar un sistema eficaz de comunicación interna en la Universidad Peruana Unión, filial Juliaca. Este estudio tiene por objetivo determinar cuál es la valoración del personal sobre la comunicación interna en la Universidad Peruana Unión, filial Juliaca. La investigación es descriptiva, debido a que se caracteriza, analiza e interpreta los resultados del comportamiento de las dimensiones de la variable o componentes. El diseño de la investigación es no experimental y transversal, porque se obtuvieron los datos en un momento dado y en un tiempo único, sin manipular la variable, con el propósito de describir la variable de la comunicación interna de la Universidad Peruana Unión, filial Juliaca por medio de la valoración de los trabajadores del área académica. El proyecto de tesis fue conformado por la población de 164 trabajadores a tiempo completo, según planilla del período 2009 en sus diversas áreas de la Universidad Peruana Unión, filial Juliaca. Para la determinación de la muestra respectiva, se aplicó el muestreo probabilístico ya que todos los miembros de la población tienen la misma posibilidad de ser elegidos. Se obtuvo una muestra de 55 colaboradores para ser encuestados pertenecientes al área académica a tiempo completo. En cuanto a la instrumentación, se aplicó un cuestionario conformado por 42 preguntas cerradas o de opción múltiple, tipo escala de valoración de Likert. Llegó a la conclusión de que la valoración del personal sobre la comunicación interna en la Universidad Peruana Unión, filial Juliaca es de 37.7%. En consecuencia, casi siempre la comunicación interna ha actuado como un lubricante de la Universidad, porque desde el punto de vista de la organización, fue un elemento que casi siempre hizo dinámica las acciones dentro de la organización respecto a la comunicación sobre el desempeño laboral, políticas de gestión, la situación financiera y situación académica en las dimensiones descendente y ascendente en la gestión 2009. | |
| 526 | _aSEG44 | ||
| 526 | _aSEG26 | ||
| 526 | _aP151 | ||
| 526 | _aP150 | ||
| 526 | _aP149 | ||
| 526 | _aP146 | ||
| 526 | _aP145 | ||
| 526 | _aP126 | ||
| 526 | _aP125 | ||
| 526 | _aP92 | ||
| 526 | _aP75 | ||
| 526 | _aP74 | ||
| 526 | _aP27 | ||
| 526 | _aP15 | ||
| 650 | 0 | 4 |
_aComunicación organizacional _vTesis. |
| 610 | 2 |
_aUniversidad Peruana Unión, Filial Juliaca _xComunicación organizacional _vTesis. |
|
| 596 | _a1 | ||
| 942 |
_2ddc _cTESIS |
||
| 999 |
_aTA 3 Q73 2011 _wALPHANUM _c8427 _iT01227 _d8427 _lCCODEBUL3 _mBUL _q1 _r1 _sY _tTESIS _u2016-1-14 _xPOSGRADO _PP47 _o.STAFF. Tesis |
||
| 980 |
_81 _gALBERTO SANCHEZ Responsable de Automatización |
||